Exhibition design: theory and practice

Gespeichert in:
Bibliographische Detailangaben
1. Verfasser: Rattenbury, Arnold (VerfasserIn)
Format: Buch
Sprache:Englisch
Veröffentlicht: Nueva York Van Nostrand Reinhold 1971
Schlagworte:
Tags: Tag hinzufügen
Keine Tags, Fügen Sie den ersten Tag hinzu!

MARC

LEADER 00000nam a2200000 a 4500
001 UCV8672
003 CL-VaPUC
008 911118e19710000US |||||||||||||||||eng|d
082 0 4 |a 659.15  |b RAT  |2 21 
100 0 |a Rattenbury, Arnold  |e author  |9 302702 
245 1 0 |a Exhibition design: theory and practice 
300 |a 96 p 
942 |c BK 
945 |d 19911118 00:00:00 
260 |a Nueva York  |b Van Nostrand Reinhold  |c 1971 
650 0 |a Exposiciones  |9 265884 
650 0 |a  Edificios para exposiciones  |9 267018 
583 |a last modification  |c 19911118 00:00:00  |k Rodrigo Vera 
999 |c 214155  |d 214153 
952 |0 0  |1 0  |4 0  |6 659_150000000000000_RAT_1971  |7 0  |8 P  |9 197279  |a BIBARQ  |b BIBARQ  |d 2019-11-14  |i 2649586  |l 1  |o 659.15 RAT 1971  |p 2649586  |r 2025-01-20  |s 2024-04-23  |w 2019-11-14  |y BK  |k ARQ